000 00625nam a2200253Ia 4500
003 OSt
005 20220912153049.0
006 a|||||r|||| 00| 0
007 ta
008 220909b |||||||| |||| 00| 0 eng d
024 _a22801
037 _cTextual
040 _aCSL
_beng
_cCSL
041 _aeng
082 _aB331, K7
100 _aBrauer Fred
245 0 _aOrdinary differential equations
260 _c1967
300 _ap.
_ccm.
650 _aOrdinary differential equations
700 _a Nohel John A
942 _hB331, K7
_cTEXL
_2CC
999 _c97534
_d97534